00985nam a2200241 45000010005000000030008000050050017000130080041000300350019000710400034000900410008001240820025001322450214001572600037003713000030004085040029004386500031004676500037004987000038005359420012005739990015005859520143006009509BD-RjUL20211208234806.0140121s1964 nyua b 100 0 eng d a(BD-RjUL) 9554 aDLCcDLCdICUd(BD-RjUL)beng aeng00a543.85bBIO 196422300aBiomedical applications of gas chromatography :bbased on lectures presented during the Fifth Annual Gas Chromatography Institute at Canisius College, Buffalo, New York(1963) / cedited by Herman A. Szymanski. aNew York :bPlenum Press ,c1964 av.324p. :bill. ;c24 cm. aIncludes bibliographies. 0aGas chromatography.929447 0aPharmaceutical chemistry.9292611 aSzymanski, Herman A.,eed.929448 2ddccBK c9509d9509 00102ddc40718NFICaRUCLbRUCLcReadingd1966-07-01eAsia Foundation Giftl0o543.85 BIO 1964r2014-01-21 00:00:00tc-1w2021-12-08yBK